|
|
|
|
| LEADER |
00000nam0a2200000 4500 |
| 001 |
279403 |
| 005 |
20231101235215.0 |
| 035 |
|
|
|a (RuTPU)RU\TPU\book\302681
|
| 090 |
|
|
|a 279403
|
| 100 |
|
|
|a 20141218d1967 m y0rusy50 ca
|
| 101 |
0 |
|
|a rus
|
| 102 |
|
|
|a RU
|
| 105 |
|
|
|a a z 001zy
|
| 200 |
1 |
|
|a Строение земной коры Урала
|e геофизический сборник
|f Академия наук СССР (АН СССР), Уральское отделение (УрО), Институт геофизики (ИГФ) ; под ред. Н. А. Иванова ; А. Л. Алейникова
|
| 210 |
|
|
|a Свердловск
|c Уральский рабочий
|d 1967
|
| 215 |
|
|
|a 76 с.
|c ил.
|
| 225 |
1 |
|
|a Труды института геофизики
|v №5
|
| 320 |
|
|
|a Библиография в конце статей
|
| 606 |
1 |
|
|a Земная кора
|x Строение
|2 stltpush
|3 (RuTPU)RU\TPU\subj\11790
|9 38688
|
| 610 |
1 |
|
|a Русская платформа
|
| 610 |
1 |
|
|a Урал
|
| 610 |
1 |
|
|a Западно-Сибирская низменность
|
| 610 |
1 |
|
|a сейсморазведка
|
| 610 |
1 |
|
|a тектоническое развитие
|
| 610 |
1 |
|
|a гравиметрические данные
|
| 610 |
1 |
|
|a гранитоидные массивы
|
| 610 |
1 |
|
|a геофизические исследования
|
| 675 |
|
|
|a 551.241
|v 3
|
| 702 |
|
1 |
|a Иванов
|b Н. А.
|4 340
|
| 702 |
|
1 |
|a Алейников
|b А. Л.
|4 340
|
| 712 |
0 |
2 |
|a Академия наук СССР (АН СССР)
|b Уральское отделение (УрО)
|b Институт геофизики (ИГФ)
|c (Свердловск)
|2 stltpush
|3 (RuTPU)RU\TPU\col\14542
|
| 801 |
|
1 |
|a RU
|b 63413507
|c 20141218
|
| 801 |
|
2 |
|a RU
|b 63413507
|c 20150618
|g RCR
|
| 942 |
|
|
|c BK
|